| 000 | 00796nam a2200217Ia 4500 | ||
|---|---|---|---|
| 003 | GCL | ||
| 008 | 140319s9999 xx 000 0 ara d | ||
| 040 |
_aGCL / _cGCL |
||
| 082 | 0 | 4 |
_a370.73264 _bر و |
| 100 | 1 | _aرشيد حمد الحمد | |
| 245 | 1 | 0 |
_aالوحدة القياسية للوازم المخبرية للمرحلة الثانوية فى دول الخليج العربى / _cرشيد حمد الحمد |
| 260 |
_a[S.N] : _bمكتبة التربية العربى لدول الخليج ، _c1992 |
||
| 300 | _aمتعدد الترقيم | ||
| 490 | _a | ||
| 650 | 0 | 4 | _aالتعليم |
| 650 | 0 | 4 | _aالمدارس الثانوية |
| 650 | 0 | 4 | _aالتعليم العالى |
| 650 | 0 | 4 | _aالتعليم العملى |
| 650 | 0 | 4 | _aالبلاد العربية |
| 942 |
_2ddc _cBK |
||
| 999 |
_c32646 _d32646 |
||